Statistiken für Größte Reiche nach Landfläche

Klicken Sie hier um das Quiz zu spielen!

Allgemein

  • Dieses Quiz wurde 170 mal gespielt
  • Das Durchschnittsergebnis liegt bei 4 aus 20

Antwortstatistiken

HinweisAntwort% Korrekt
Ist jetzt ein asiatisches Land zwischen Russland und ChinaMongolisches Reich
94%
Hat derzeit das beste Militär der WeltVereinigte Staaten
67%
Die Mongolen brauchten bessere BooteKaiserreich Japan
56%
Einst der stolze Besitzer der Philippinen
Spanisches Reich
44%
Das zweitgrößte europäische Imperium
Zweites französisches Kolonialreich
34%
Ist jetzt das größte Land der WeltRussisches Reich
32%
Das Reich, in dem die Sonne nie untergehtBritisches Imperium
19%
Nachfolge des früheren mongolischen chinesischen ReichesMing-Dynastie
13%
Beginnt mit einem qQing-Dynastie
13%
Südamerikanisches ReichReich von Brasilien
13%
Halbinsel in Europa
Iberische Union
10%
Anscheinend ist es die zweite Kaiserliche Dynastie Chinas
Östliche Han-Dynastie
10%
Ein türkisches Reich, das weder die Türkei noch Turkmenistan berührt
Erstes Türkisches Khaganat
10%
Westliche Version eines früheren ImperiumsWestliches Han-Reich
10%
Chinesisches Reich, geschaffen von einem MongolenYuan-Dynastie
8%
Der kleine Bruder von obenUmayyaden-Kalifat
5%
Eine Mongolische Version des ObigenKhaganate der Goldhorde
4%
Das größte Imperium hauptsächlich im Nahen OstenAbbasiden kalifat
3%
Noch ein KalifatKalifat von Rashidun
1%
Noch ein etwas mongolisches Reich(Viel Spaß mit der Rechtschreibung)Xiongnu-Reich
1%

Verteilung der Resultate

Perzentil nach korrekt beantworteten Fragen

Anzahl Personen mit jedem Resultat

Ihre Resultats-Entwicklung

Sie haben dieses Quiz noch nicht gespielt